| 000 | 00512nam a22001937a 4500 | ||
|---|---|---|---|
| 003 | OSt | ||
| 005 | 20140310182838.0 | ||
| 008 | 130607t xxu||||| |||| 00| 0 eng d | ||
| 050 |
_aRJ 496 _b.K48 1963 |
||
| 082 |
_aM 920.9616836 _bK55 1963 |
||
| 245 |
_aWith love from Karen _cKillilea, Marie |
||
| 260 |
_aNew York, NY : _bDell Publishing Co., Inc., _cc1963. |
||
| 300 |
_a320 p. _c16 cm. |
||
| 521 | _aCollege Students | ||
| 526 | _c1210L-1700L | ||
| 541 | _j1 | ||
| 562 | _e1 | ||
| 942 |
_2lcc _cBK _kM |
||
| 999 |
_c16795 _d16795 |
||